000 00611nam a2200241Ia 4500
003 OSt
005 20220918185120.0
006 a|||||r|||| 00| 0
007 ta
008 220917b |||||||| |||| 00| 0 eng d
024 _a49,617
037 _cTextual
040 _aARTS
_cARTS
_beng
041 _2eng
_aeng
082 _aP,71, L3
100 _aGoodman P
_967825
245 0 _aSpeaking and language
_b Defence of poetry
260 _aLondon
_bWildwood
_c1973
300 _a242p.
_ccm.
650 _aLINGUISTICS
942 _hP,71, L3
_cTEXL
_2CC
999 _c179239
_d179239